000 00653nam a2200229Ia 4500
003 OSt
005 20220918182759.0
006 a|||||r|||| 00| 0
007 ta
008 220917b |||||||| |||| 00| 0 eng d
024 _a34,471
037 _cTextual
040 _aARTS
_cARTS
_beng
041 _2eng
_aeng
082 _aO111973:gN, L9
100 _aBerthoff Warner
_952987
245 0 _aLiterature without qualities
_b Amreican writing since 1945
260 _aBerkeley
_bUniv Of California Press
_c1979
650 _aENGLISH LITERATURE
942 _hO111973:gN, L9
_cTEXL
_2CC
999 _c170369
_d170369